| 000 | 00409nam a2200181Ia 4500 | ||
|---|---|---|---|
| 003 | 0100 | ||
| 008 | 130303s9999 xx 000 0 und d | ||
| 040 | _cARRUPELIB | ||
| 050 | _aB316.P8 1975 | ||
| 100 | _aPlato | ||
| 245 | 4 | _aThe trial and death of Socrates | |
| 260 | _aIndianapolis | ||
| 260 | _bHackett Publishing Co., Inc. | ||
| 260 | _C1975 | ||
| 300 | _a58p. | ||
| 300 | _b 24CM | ||
| 942 | 0 | 0 | _05 |
| 999 |
_c29918 _d29918 |
||